Vyberajte zo siete

Čoraz viac slovenských firiem začína objavovať elektronické aukcie cez internet. Táto nová metóda prináša úspory a zvyšuje transparentnosť verejných súťaží. Priekopníci na Slovensku vo využívaní e-aukcií. Aký je priebeh e-aukcie. Ponuky e-aukcií. Virtuálne aukcie. Využívanie e-aukcií na Slovensku.

Saved in:
Bibliographic Details
Main Author: Hudec, Marián
Format: Book Chapter
Language:Slovak
Subjects:
Tags: Add Tag
No Tags, Be the first to tag this record!

MARC

LEADER 00000naa$a2200000$$$4500
001 0071213
005 20231009110207.3
041 0 |a slo 
044 |a SK 
245 1 0 |a Vyberajte zo siete  |c Marián Hudec 
520 |a Čoraz viac slovenských firiem začína objavovať elektronické aukcie cez internet. Táto nová metóda prináša úspory a zvyšuje transparentnosť verejných súťaží. Priekopníci na Slovensku vo využívaní e-aukcií. Aký je priebeh e-aukcie. Ponuky e-aukcií. Virtuálne aukcie. Využívanie e-aukcií na Slovensku. 
610 2 0 |a aukcie 
610 2 0 |a internet 
610 2 0 |a súťaž verejná 
610 2 0 |a Slovensko 
100 1 |a Hudec, Marián